000 00369nam a22001577a 4500
005 20230523183051.0
008 230523b |||||||| |||| 00| 0 eng d
082 _a669.9
_bAVNI-I
100 _aHanver:H sidney
245 _aIntroduction to physical Matallurgy
250 _a2nd
300 _a695
650 _aEngineering
700 _aSidney:h aVNER
999 _c18425
_d18425